Cultura musical iii /

Guardado en:
Autor Principal: Roldán, Waldemar Axel
Formato: Libro
Publicado: Buenos Aires : El Ateneo, 1980
Edición:5a. ed.
Materias:
Etiquetas: Agregar Etiqueta
Sin Etiquetas, Sea el primero en etiquetar este registro!
LEADER 01041nam a22002055a 4500
001 CEM.cems005567
005 20060221000000.0
008 130507s1980##################000#0#####d
003 CEMS
082 0 4 |a 780.7 
100 1 |a Roldán, Waldemar Axel 
245 1 0 |a Cultura musical iii /  |c Waldemar Axel Roldán 
250 |a 5a. ed. 
260 |a Buenos Aires :  |b El Ateneo,  |c 1980 
300 |a 116 p. 
505 0 |a El romanticismo -- La música instrumental -- La música programatica -- La música dramatica en el romanticismo -- El Lied -- El nacionalismo musical -- La música en la Argentina hasta fines del siglo XVIII -- La música Argentina desde 1800 hasta 1880 -- La música argentina desde 1880 hasta 1930 -- La orquesta -- Las formas musicales del romanticismo 
653 |a Cultura músical 
859 |a CEMS  |b BIB. CEMS - 11 de abril  |h 780.7  |i R643-1a5  |p 11355.82  |t Ej.3  |v III  |3 III 
859 |a CEMS  |b BIB. CEMS - 11 de abril  |h 780.7  |i R643-1a5  |p 8896.81  |t Ej.1  |v III  |3 III 
859 |a CEMS  |b BIB. CEMS - 11 de abril  |h 780.7  |i R643-1a5  |p 8979.81  |t Ej.2  |v III  |3 III